Residential retrofit standard (Record no. 121610)

MARC details
000 -LEADER
fixed length control field 01613nam a22002417a 4500
008 - FIXED-LENGTH DATA ELEMENTS--GENERAL INFORMATION
fixed length control field 230719s2023 xxk|||||o|||| 00| 0 eng d
041 ## - LANGUAGE CODE
Language code of text/sound track or separate title eng
110 ## - MAIN ENTRY--CORPORATE NAME
Corporate author Royal Institution of Chartered Surveyors
245 ## - TITLE STATEMENT
Title Residential retrofit standard
Subtitle a consultation
Medium [Electronic resource]
260 ## - PUBLICATION INFORMATION
Place of publication London,
Publisher Royal Institution of Chartered Surveyors,
Date 18 July 2023
300 ## - PHYSICAL DESCRIPTION
Physical description 34p.
490 ## - SERIES TITLE
Series statement RICS Consultation
520 ## - ABSTRACT
Abstract An eight week long consultation in a bid to gather input from RICS members and industry professionals on the new RICS Residential Retrofit Standard for 2023. This new standard will be developed following the consultation, as a response to a demand for high quality, residential retrofit advice, spurred on by increasingly high energy prices and UK government net-zero targets. The Retrofit Standard will create a framework within which RICS members can advise customers on retrofit options in homes across the UK, in turn supporting the nationwide effort to decarbonise the residential property sector. Consultation opened 18th July 2023, closes 12 Sep 2023. <br/>
650 ## - KEYWORDS
Keywords DECARBONISATION
650 ## - KEYWORDS
Keywords RETROFIT
650 ## - KEYWORDS
Keywords RESIDENTIAL PROPERTY
651 ## - SUBJECT ADDED ENTRY--GEOGRAPHIC NAME
Geographic name United Kingdom
690 ## - BROAD SUBJECT
9 (RLIN) 6266
Broad subject Residential property
710 ## - ADDED CORPORATE NAME
Added corporate author Royal Institution of Chartered Surveyors
856 ## - ONLINE RESOURCE
Uniform Resource Identifier <a href="https://consultations.rics.org/gf2.ti/f/1523362/173054917.1/PDF/-/Retrofit%202023_clean%20consultation%20copy.pdf">https://consultations.rics.org/gf2.ti/f/1523362/173054917.1/PDF/-/Retrofit%202023_clean%20consultation%20copy.pdf</a>
Public note View the consultation document on RICS.org
856 ## - ONLINE RESOURCE
Uniform Resource Identifier <a href="https://consultations.rics.org/retrofitstandard/">https://consultations.rics.org/retrofitstandard/</a>
Public note View the RICS iConsult homepage on retrofit
942 ## - ADDED ENTRY ELEMENTS (KOHA)
Suppress in OPAC Do not suppress in OPAC
Holdings
Lost status Damaged status Not for loan Current library Shelving location Date acquired Total Checkouts Full call number Date last seen Price effective from Koha item type
      Virtual Online 19/07/2023   CONSULTATION 19/07/2023 19/07/2023 Online material